[Event "Collado Villalba op 24th"]
[Site "Collado Villalba"]
[Date "2007.08.26"]
[Round "4"]
[White "Sanchez Delgado, Lidia"]
[Black "Garcia Reino, Eduardo Javier"]
[Result "1-0"]
[WhiteElo "2053"]
[BlackElo "1889"]
[PlyCount "33"]
[EventDate "2007.08.23"]
[EventType "swiss"]
[EventRounds "9"]
[EventCountry "ESP"]
[SourceTitle "EXT 2008"]
[Source "ChessBase"]
[SourceDate "2007.11.25"]
[SourceVersion "1"]
[SourceVersionDate "2007.11.25"]
[SourceQuality "1"]

1. e4 e5 2. Nf3 Nf6 3. Nxe5 d6 4. Nf3 Nxe4 5. d4 d5 6. Bd3 Bd6 7. 0-0 0-0 8. c4 c6 9. cxd5 cxd5 10. Nc3 Nxc3 11. bxc3 Bg4 12. h3 Bh5 13. Rb1 Nd7 14. Rb5 Nb6 15. c4 Nxc4 16. Bxc4 dxc4 17. Rxh5 1-0

[Event "Collado Villalba op 24th"]
[Site "Collado Villalba"]
[Date "2007.08.24"]
[Round "2"]
[White "Garcia Reino, Eduardo Javier"]
[Black "Pastor Alonso de Prado, Emilio Alberto"]
[Result "0-1"]
[WhiteElo "1889"]
[BlackElo "2183"]
[PlyCount "50"]
[EventDate "2007.08.23"]
[EventType "swiss"]
[EventRounds "9"]
[EventCountry "ESP"]
[SourceTitle "EXT 2008"]
[Source "ChessBase"]
[SourceDate "2007.11.25"]
[SourceVersion "1"]
[SourceVersionDate "2007.11.25"]
[SourceQuality "1"]

1. e4 e5 2. Nf3 Nc6 3. Bb5 Bc5 4. 0-0 Qf6 5. c3 Nge7 6. d3 a6 7. Ba4 h6 8. Be3 Ba7 9. Bxa7 Rxa7 10. d4 d6 11. h3 0-0 12. d5 Nb8 13. Nh2 Ng6 14. Nf3 Nf4 15. h4 Qg6 16. g3 f5 17. exf5 Bxf5 18. Kh2 Bg4 19. Nbd2 Qh5 20. Bc2 Nxd5 21. Bb3 c6 22. c4 Ne7 23. Ne4 Bxf3 24. Qxd6 Bxe4 25. Qxe7 Qf3 0-1

[Event "Collado Villalba op 24th"]
[Site "Collado Villalba"]
[Date "2007.08.23"]
[Round "1"]
[White "Ivanovitch, Nicholas Michael"]
[Black "Garcia Reino, Eduardo Javier"]
[Result "0-1"]
[WhiteElo "2151"]
[BlackElo "1889"]
[PlyCount "64"]
[EventDate "2007.08.23"]
[EventType "swiss"]
[EventRounds "9"]
[EventCountry "ESP"]
[SourceTitle "EXT 2008"]
[Source "ChessBase"]
[SourceDate "2007.11.25"]
[SourceVersion "1"]
[SourceVersionDate "2007.11.25"]
[SourceQuality "1"]

1. e4 e5 2. Nf3 Nf6 3. d4 Nxe4 4. Bd3 d5 5. Nxe5 Bd6 6. 0-0 0-0 7. c4 c6 8. Nc3 Nxc3 9. bxc3 Bxe5 10. dxe5 dxc4 11. Bxc4 Qxd1 12. Rxd1 Bf5 13. Bf4 Nd7 14. Bg3 Nb6 15. Bb3 Rad8 16. Bh4 Rxd1+ 17. Rxd1 Be6 18. Be7 Re8 19. Bxe6 fxe6 20. Bc5 Nd5 21. c4 Nc3 22. Rd7 b6 23. Bd6 Nxa2 24. Rxa7 Nc3 25. f3 b5 26. c5 b4 27. Rb7 Nb5 28. Rxb5 cxb5 29. c6 b3 30. Ba3 Rc8 31. Kf2 Rxc6 32. Ke3 b4 0-1